Statistics for Countries That end in "Land(s)"

Click here to take the quiz!

General Stats

  • This quiz has been taken 41 times
    (6 since last reset)
  • The average score is 7 of 10

Answer Stats

Answer% Correct
Finland
100%
Thailand
100%
Iceland
75%
Ireland
75%
Netherlands
75%
Poland
75%
Switzerland
75%
Marshall Islands
50%
New Zealand
50%
Solomon Islands
50%

Score Distribution

Percentile by Number Answered

Percent of People with Each Score

Your Score History

You have not taken this quiz since the last reset